Statistics for On the Loose - Niall Horan (Lyrics)

Click here to take the quiz!

General Stats

  • This quiz has been taken 12 times
  • The average score is 320 of 334

Answer Stats

% Correct
a
100%
all
100%
and
100%
And
100%
around
100%
art
100%
back
100%
body
100%
but
100%
coming
100%
else
100%
fell
100%
for
100%
Her
100%
her
100%
[Verse 1]I
100%
I'm
100%
it
100%
it's
100%
just
100%
know
100%
knows
100%
like
100%
loose
100%
loves
100%
mind
100%
moves
100%
nobody
100%
now
100%
of
100%
on
100%
out
100%
real
100%
[Pre-Chorus]She
100%
she
100%
| ( | [Chorus]She's
100%
she's
100%
So
100%
That
100%
that
100%
the
100%
they
100%
twice
100%
warning
100%
watching
100%
way
100%
what
100%
when
100%
work
100%
you
100%
can
80%
crawl
80%
dance
80%
dark
80%
don't
80%
everybody's
80%
get
80%
herself
80%
in
80%
jump
80%
meet
80%
new
80%
night
80%
run
80%
says
80%
She'll
80%
something
80%
trade
80%
truth
80%
understand
80%
while
80%
with
80%
wraps
80%
your
80%
burn
60%
could
60%
doesn't
60%
down
60%
eyes
60%
flight
60%
how
60%
lose
60%
make
60%
pull
60%
room
60%
tear
60%
Then
60%
to
60%
up
60%
tight
40%

Score Distribution

Percentile by Number Answered

Percent of People with Each Score

Your Score History

You have not taken this quiz